สมเด็จพระบรมโอรสาธิราช เจ้าฟ้ามหาวชิราลงกรณสยามมกุฎราชกุมารและพระเจ้าวรวงศ์เธอ พระองค์เจ้าโสมสวลี พระวรชายากับความเป็นมาของ "สยามมกุฎราชกุมาร" / (ระเบียนเลขที่ 1873)
| 000 -LEADER | |
|---|---|
| fixed length control field | 01898nam a22002657a 4500 |
| 003 - CONTROL NUMBER IDENTIFIER | |
| control field | NALT |
| 005 - DATE AND TIME OF LATEST TRANSACTION | |
| control field | 20251125232740.0 |
| 008 - FIXED-LENGTH DATA ELEMENTS--GENERAL INFORMATION | |
| fixed length control field | s2520 th tha d |
| 040 ## - CATALOGING SOURCE | |
| Original cataloging agency | NALT |
| 041 ## - LANGUAGE CODE | |
| Language code of text/sound track or separate title | tha |
| 050 ## - LIBRARY OF CONGRESS CALL NUMBER | |
| Classification number | DS 578.32 |
| Item number | ว153ส 2520 |
| 100 0# - MAIN ENTRY--PERSONAL NAME | |
| Personal name | ประยุทธ สิทธิพันธ์ |
| 245 10 - TITLE STATEMENT | |
| Title | สมเด็จพระบรมโอรสาธิราช เจ้าฟ้ามหาวชิราลงกรณสยามมกุฎราชกุมารและพระเจ้าวรวงศ์เธอ พระองค์เจ้าโสมสวลี พระวรชายากับความเป็นมาของ "สยามมกุฎราชกุมาร" / |
| Statement of responsibility, etc. | ประยุทธ สิทธิพันธ์. |
| 260 3# - PUBLICATION, DISTRIBUTION, ETC. | |
| Place of publication, distribution, etc. | กรุงเทพฯ : |
| Name of publisher, distributor, etc. | เสียงไท, |
| Date of publication, distribution, etc. | 2520. |
| 300 ## - PHYSICAL DESCRIPTION | |
| Extent | 262 หน้า : |
| Other physical details | ภาพประกอบ ; |
| Dimensions | 26 ซม. |
| 600 04 - SUBJECT ADDED ENTRY--PERSONAL NAME | |
| 9 (RLIN) | 40685 |
| Personal name | วชิราลงกรณ สยามมกุฎราชกุมาร, |
| Titles and other words associated with a name | สมเด็จพระบรมโอรสาธิราช เจ้าฟ้ามหา, |
| Dates associated with a name | 2495- |
| 600 04 - SUBJECT ADDED ENTRY--PERSONAL NAME | |
| Personal name | มหาวชิราลงกรณ สยามมกุฎราชกุมาร, |
| Titles and other words associated with a name | สมเด็จพระบรมโอรสาธิราช เจ้าฟ้า, |
| Dates associated with a name | 2495- |
| 9 (RLIN) | 64428 |
| 600 04 - SUBJECT ADDED ENTRY--PERSONAL NAME | |
| 9 (RLIN) | 55291 |
| Personal name | โสมสวลี พระวรชายา, |
| Titles and other words associated with a name | พระองค์เจ้า, |
| Dates associated with a name | 2500- |
| 600 04 - SUBJECT ADDED ENTRY--PERSONAL NAME | |
| 9 (RLIN) | 55290 |
| Personal name | วชิรุณหิศ, |
| Titles and other words associated with a name | สมเด็จเจ้าฟ้ามหา, |
| Dates associated with a name | 2421-2437 |
| 600 04 - SUBJECT ADDED ENTRY--PERSONAL NAME | |
| Personal name | มหาวชิรุณหิศ, |
| Titles and other words associated with a name | สมเด็จเจ้าฟ้า, |
| Dates associated with a name | 2421-2437 |
| 9 (RLIN) | 64427 |
| 850 ## - HOLDING INSTITUTION | |
| Holding institution | NALT |
| 856 40 - ELECTRONIC LOCATION AND ACCESS | |
| Uniform Resource Identifier | <a href="https://hdl.handle.net/20.500.14156/361776">https://hdl.handle.net/20.500.14156/361776</a> |
| 942 ## - ADDED ENTRY ELEMENTS (KOHA) | |
| Koha item type | General Book |
| Source of classification or shelving scheme | Library of Congress Classification |
| 998 ## - STAFF NAME (NALT) | |
| -- | 104 |
| -- | นางสาวสายฝน ดีงาม |
| Withdrawn status | Lost status | Source of classification or shelving scheme | Damaged status | Not for loan | Collection code | Home library | Current library | Shelving location | Date acquired | Total Checkouts | Total Renewals | Full call number | Barcode | Date last seen | Date last checked out | Price effective from | Koha item type |
|---|---|---|---|---|---|---|---|---|---|---|---|---|---|---|---|---|---|
| Library of Congress Classification | General Book collection | National Assembly Library of Thailand | National Assembly Library of Thailand | General Book shelves | 29/12/2021 | 1 | 1 | DS 578.32 ว153ส 2520 | 3961100976 | 08/03/2023 | 27/02/2023 | 09/06/2017 | General Book |
